MARC details
| 000 -CABECERA |
| campo de control de longitud fija |
01010nam a2200289 a 4500 |
| 001 - NÚMERO DE CONTROL |
| campo de control |
000023916 |
| 005 - FECHA Y HORA DE LA ÚLTIMA TRANSACCIÓN |
| campo de control |
20200930022552.0 |
| 008 - DATOS DE LONGITUD FIJA--INFORMACIÓN GENERAL |
| campo de control de longitud fija |
110117s1996 mx 000 0 spa d |
| 020 ## - NÚMERO INTERNACIONAL ESTÁNDAR DEL LIBRO |
| Número Internacional Estándar del Libro |
9682428394 |
| 040 ## - FUENTE DE LA CATALOGACIÓN |
| Centro catalogador/agencia de origen |
DO-SdBNP |
| Lengua de catalogación |
spa |
| Centro/agencia transcriptor |
BNPHU |
| 041 17 - CÓDIGO DE LENGUA |
| Código de lengua del texto/banda sonora o título independiente |
spa |
| Código de lengua original |
fre |
| Fuente del código |
Código de idiomas MARC |
| 082 ## - NÚMERO DE LA CLASIFICACIÓN DECIMAL DEWEY |
| Número de clasificación |
nn* |
| Número de documento/Ítem |
nn* |
| 049 ## - FONDOS LOCALES (OCLC) |
| Fondos de biblioteca |
BNGR |
| 100 1# - ENTRADA PRINCIPAL--NOMBRE DE PERSONA |
| Nombre de persona |
Piaton, Georges. |
| 9 (RLIN) |
49208 |
| 240 10 - TÍTULO UNIFORME |
| Título uniforme |
Pestalozzi. |
| Lenguaje de la obra |
Español |
| 245 10 - MENCIÓN DE TÍTULO |
| Título |
Pestalozzi / |
| Mención de responsabilidad, etc. |
Georges Piaton ; traducción Francisco González Aramburo ; prólogo Eugen Egger. |
| 260 ## - PUBLICACIÓN, DISTRIBUCIÓN, ETC. |
| Lugar de publicación, distribución, etc. |
México, D. F. : |
| Nombre del editor, distribuidor, etc. |
Trillas, |
| Fecha de publicación, distribución, etc. |
1996. |
| 300 ## - DESCRIPCIÓN FÍSICA |
| Extensión |
110 p. ; |
| Dimensiones |
23 cm. |
| 490 1# - MENCIÓN DE SERIE |
| Mención de serie |
Biblioteca Grandes Educadores |
| Designación de volumen o secuencia |
2 |
| 534 ## - NOTA SOBRE LA VERSIÓN ORIGINAL |
| Encabezamiento principal del original |
Título de esta obra en francés : |
| Mención de título del original |
Pestalozzi |
| 504 ## - NOTA DE BIBLIOGRAFÍA, ETC. |
| Nota de bibliografía, etc. |
Bibliografía : 105-107 p. |
| 500 ## - NOTA GENERAL |
| Nota general |
Incluye índice analítico. |
| 700 1# - PUNTO DE ACCESO ADICIONAL--NOMBRE DE PERSONA |
| Nombre de persona |
Egger, Eugen, |
| Término indicativo de función/relación |
pról. |
| 9 (RLIN) |
49209 |
| 700 1# - PUNTO DE ACCESO ADICIONAL--NOMBRE DE PERSONA |
| Nombre de persona |
González Aramburo, Francisco, |
| Término indicativo de función/relación |
tr. |
| 9 (RLIN) |
27068 |
| 700 1# - PUNTO DE ACCESO ADICIONAL--NOMBRE DE PERSONA |
| Nombre de persona |
González Aramburo, Francisco, |
| Término indicativo de función/relación |
tr. |
| 9 (RLIN) |
27068 |
| 830 #0 - PUNTO DE ACCESO ADICIONAL DE SERIE-TÍTULO UNIFORME |
| Título uniforme |
Biblioteca Grandes Educadores |
| Designación de volumen o secuencia |
2 |
| 9 (RLIN) |
49210 |